Les pauvres et la pauvreté / (Record no. 15729)

000 -LEADER
fixed length control field 00491cam a2200181 a 4500
020 ## - INTERNATIONAL STANDARD BOOK NUMBER
ISBN 2718902892 (v. 1) :
020 ## - INTERNATIONAL STANDARD BOOK NUMBER
ISBN 2718903244 (v. 2) :
040 ## - CATALOGING SOURCE
Transcribing agency DLC
082 00 - DEWEY DECIMAL CLASSIFICATION NUMBER
Classification number 241 DES 1985 A009 Or.
100 1# - MAIN ENTRY--AUTHOR NAME
Personal name Christophe, Paul.
245 14 - TITLE STATEMENT
Title Les pauvres et la pauvreté /
260 ## - PUBLICATION, DISTRIBUTION, ETC. (IMPRINT)
Place of publication Paris :
Name of publisher Desclée,
Year of publication c1985-c1987.
300 ## - PHYSICAL DESCRIPTION
Number of Pages 2 v. ;
Dimensions 22 cm.
490 1# - SERIES STATEMENT
Series statement Bibliothèque d'histoire du christianisme ;
650 #0 - SUBJECT ADDED ENTRY--TOPICAL TERM
Topical Term Poverty
650 #0 - SUBJECT ADDED ENTRY--TOPICAL TERM
Topical Term Church work with the poor.
942 ## - ADDED ENTRY ELEMENTS (KOHA)
Koha item type សៀវភៅភាសាបារាំង
952 ## - LOCATION AND ITEM INFORMATION (KOHA)
Withdrawn status [LOCAL, KOHA] 0
Holdings
Permanent Location Date acquired Koha item type Lost status Shelving location Barcode Current Location Full call number
Library Block A2017-12-08សៀវភៅភាសាបារាំង A009A21863Library Block A241 DES 1985 A009 Or.
មជ្ឈមណ្ឌលឯការនៃសាកលវិទ្យាល័យភូមិន្ទកសិកម្មចំការដូង

Powered by Koha